[Event "Saraybahce GP"]
[Site "Kocaeli TUR"]
[Date "2002.08.18"]
[Round "2"]
[White "Mamedyarov,S"]
[Black "Tasan,A"]
[Result "1-0"]
[WhiteElo "2542"]
[BlackElo "2128"]

1.d4 Nf6 2.Bg5 d6 3.Bxf6 exf6 4.c4 g6 5.Nc3 Bg7 6.g3 O-O 7.Bg2 c6 8.e3 Re8
9.Nge2 Nd7 10.O-O f5 11.b4 Nb6 12.c5 Nc4 13.d5 dxc5 14.bxc5 cxd5 15.Bxd5 Na5
16.Rc1 Bd7 17.Nd4 a6 18.Nb3 Nc6 19.Bg2 Rb8 20.Qe2 Ne7 21.Rfd1 Qc7 22.Nd5 Nxd5
23.Bxd5 Bb5 24.Qf3 Red8 25.Nd4 Ba4 26.Bb3 Be8 27.Bd5 Ba4 28.Nb3 Bf8 29.h4 h5
30.e4 Bd7 31.Nd4 Ba4 32.Re1 Qe5 33.Nb3 Kg7 34.Na5 Bb5 35.Nxb7 Rxb7 36.Bxb7 Rd3
37.Qf4 Qd4 38.exf5 Bxc5 39.f6+ Kh7 40.Be4 Bd6 41.Bxg6+ fxg6 42.Rc7+  1-0

[Event "Saraybahce GP"]
[Site "Kocaeli TUR"]
[Date "2002.08.19"]
[Round "3"]
[White "Erdogdu,M"]
[Black "Mamedyarov,S"]
[Result "1/2-1/2"]
[WhiteElo "2321"]
[BlackElo "2542"]

1.e4 e5 2.Nf3 Nc6 3.Bb5 a6 4.Ba4 Nf6 5.O-O Nxe4 6.d4 b5 7.Bb3 d5 8.dxe5 Be6
9.Be3 Be7 10.c3 Nc5 11.Bc2 Nd7 12.Re1 Ndxe5 13.Nxe5 Nxe5 14.Bd4 Nc6 15.Bxg7 Rg8
16.Qh5 Kd7 17.Bh6 Bd6 18.Qxf7+ Bxf7 19.Bf5+ Be6 20.Bxe6+ Ke7 21.Bxg8+ Kf6
22.Be6 Bxh2+ 23.Kxh2 Qd6+ 24.g3 Re8 25.Bf4 Qd8  1/2-1/2

[Event "Saraybahce GP"]
[Site "Kocaeli TUR"]
[Date "2002.08.23"]
[Round "7"]
[White "Pantsulaia,L"]
[Black "Mamedyarov,S"]
[Result "1/2-1/2"]
[WhiteElo "2436"]
[BlackElo "2542"]

1.d4 d5 2.c4 e6 3.Nc3 c5 4.cxd5 exd5 5.Nf3 Nc6 6.Bg5 Be7 7.Bxe7 Ngxe7 8.e3 O-O
9.dxc5 Qa5 10.Be2 Qxc5 11.O-O Bg4 12.Rc1 Rfd8 13.Nd4 Bxe2 14.Qxe2 Qd6 15.Rfd1 Rac8
16.g3 a6 17.Nxc6 Rxc6 18.Rd2 Qe6 19.Rcd1 Rcd6 20.Qf3 Qe5 21.Rd4 h6 22.R1d2 f5
23.h4 g5 24.Qh5 Qf6 25.Qd1 Qe5 26.Qb3 b6 27.hxg5 hxg5 28.e4 Kg7 29.Nxd5 Nc6
30.Rc4 fxe4 31.Qe3 Rxd5 32.Rxd5 Qxd5 33.Rxc6 Qxc6 34.Qxg5+ Kf7 35.Qxd8 Qc1+
36.Kg2 Qxb2 37.Qd5+ Kf6 38.Qxe4 Qxa2 39.Qd4+ Kf7 40.Qxb6 a5 41.Qe3  1/2-1/2

[Event "Saraybahce GP"]
[Site "Kocaeli TUR"]
[Date "2002.08.24"]
[Round "8"]
[White "Mamedyarov,S"]
[Black "Guliev,S"]
[Result "1-0"]
[WhiteElo "2542"]
[BlackElo "2481"]

1.Nf3 d5 2.c4 c6 3.e3 Nf6 4.b3 g6 5.Bb2 Bg7 6.d4 O-O 7.Nbd2 Ne4 8.Bd3 Bf5
9.Bxe4 dxe4 10.Nh4 c5 11.Nxf5 gxf5 12.Qh5 cxd4 13.O-O-O e6 14.g4 f4 15.Nxe4 Nc6
16.exd4 Qa5 17.d5  1-0

[Event "EuYCh B18"]
[Site "Peniscola ESP"]
[Date "2002.09.29"]
[Round "1"]
[White "Mamedyarov,S"]
[Black "Galstian,B"]
[Result "1-0"]
[WhiteElo "2542"]
[BlackElo "2254"]

1.d4 c5 2.d5 Nf6 3.c4 b5 4.Qc2 bxc4 5.e4 e6 6.Nc3 Bb7 7.Bxc4 exd5 8.exd5 d6
9.Nge2 Be7 10.Ng3 O-O 11.O-O g6 12.Bg5 Nbd7 13.Rae1 Re8 14.f4 h6 15.f5 Kg7
16.fxg6 fxg6 17.Bf4 Ng4 18.h3 Nge5 19.Bxe5+ Nxe5 20.Rxe5 dxe5 21.Nh5+ gxh5
22.Rf7+  1-0

[Event "EuYCh B18"]
[Site "Peniscola ESP"]
[Date "2002.09.30"]
[Round "2"]
[White "Meszaros,T"]
[Black "Mamedyarov,S"]
[Result "0-1"]
[WhiteElo "2392"]
[BlackElo "2542"]

1.e4 e6 2.d4 d5 3.Nc3 Bb4 4.e5 c5 5.a3 Bxc3+ 6.bxc3 Ne7 7.Qg4 O-O 8.Nf3 Nbc6
9.Bd3 f5 10.Qh3 Qb6 11.Rg1 cxd4 12.g4 Qc7 13.gxf5 Nxe5 14.Rxg7+ Kxg7 15.f6+ Rxf6
16.Qxh7+ Kf8 17.Bh6+ Ke8 18.Qh8+ Kd7 19.Qxf6 Nxf3+ 20.Qxf3 Qxc3+ 21.Ke2 Qxa1
22.Bf8 Ke8 23.Qf6 Qxa3 24.h4 b6 25.h5 Ba6 26.h6 Rc8 27.Bxa6  0-1

[Event "EuYCh B18"]
[Site "Peniscola ESP"]
[Date "2002.10.01"]
[Round "3"]
[White "Mamedyarov,S"]
[Black "Saric,A"]
[Result "1-0"]
[WhiteElo "2542"]
[BlackElo "2394"]

1.d4 Nf6 2.c4 g6 3.Nc3 Bg7 4.e4 d6 5.f4 O-O 6.Nf3 c5 7.d5 e6 8.Be2 exd5 9.cxd5 Bg4
10.O-O Re8 11.h3 Bxf3 12.Bxf3 Nfd7 13.Kh1 Na6 14.e5 dxe5 15.d6 Rb8 16.Bd5 Nb6
17.f5 Nxd5 18.Qxd5 Qd7 19.fxg6 hxg6 20.Ne4 Qe6 21.Qxe6 Rxe6 22.Bg5 f5 23.d7 fxe4
24.Rad1 c4 25.d8=Q+ Rxd8 26.Rxd8+ Kh7 27.Rf7 Nc5 28.Rc8  1-0

[Event "EuYCh B18"]
[Site "Peniscola ESP"]
[Date "2002.10.03"]
[Round "5"]
[White "Mamedyarov,S"]
[Black "Cornette,M"]
[Result "1-0"]
[WhiteElo "2542"]
[BlackElo "2355"]

1.d4 d5 2.g4 c6 3.Nf3 Nf6 4.Nc3 a6 5.g5 Nbd7 6.Bf4 Nh5 7.Bd2 Nhf6 8.Bf4 Nh5
9.e3 Nxf4 10.exf4 b6 11.b4 g6  1-0

[Event "EuYCh B18"]
[Site "Peniscola ESP"]
[Date "2002.10.06"]
[Round "7"]
[White "Zhigalko,A"]
[Black "Mamedyarov,S"]
[Result "0-1"]
[WhiteElo "2421"]
[BlackElo "2542"]

1.e4 e5 2.Nf3 Nc6 3.Bb5 Nd4 4.Nxd4 exd4 5.O-O Bc5 6.Bc4 d6 7.Qh5 Qe7 8.d3 Nf6
9.Qh4 Be6 10.Bg5 Bxc4 11.dxc4 Qe6 12.Nd2 Nd7 13.Qh5 g6 14.Qe2 f6 15.Bf4 O-O-O
16.Qd3 g5 17.Bg3 h5 18.h3 Rdg8 19.Kh1 h4 20.Bh2 g4 21.hxg4 h3 22.gxh3 Ne5
23.Qg3 Nxg4 24.hxg4 Rxg4 25.Qd3 f5 26.Nf3 fxe4 27.Rae1 Qf5 28.Rxe4 Qxe4 29.Re1 Qxd3
30.cxd3 Rf4  0-1

[Event "EuYCh B18"]
[Site "Peniscola ESP"]
[Date "2002.10.07"]
[Round "8"]
[White "Mamedyarov,S"]
[Black "Drozdovskij,Y"]
[Result "1/2-1/2"]
[WhiteElo "2542"]
[BlackElo "2443"]

1.d4 d5 2.c4 dxc4 3.e4 Nf6 4.e5 Nd5 5.Bxc4 Nb6 6.Bb3 Nc6 7.Ne2 Bf5 8.Nbc3 e6
9.a3 Be7 10.O-O O-O 11.Be3 Qd7 12.Ng3 Bg6 13.Qg4 Kh8 14.Ba2 Rfd8 15.Rfd1 Bf8
16.Rac1 Ne7 17.Bg5 h6 18.Bh4 c6 19.Nce4 Rdb8 20.Nc5 Qc8 21.Bxe7 Bxe7 22.f4 Bxc5
23.dxc5 Nd5 24.Qf3  1/2-1/2

[Event "EuYCh B18"]
[Site "Peniscola ESP"]
[Date "2002.10.08"]
[Round "9"]
[White "Nyback,T"]
[Black "Mamedyarov,S"]
[Result "1-0"]
[WhiteElo "2459"]
[BlackElo "2542"]

1.Nf3 d5 2.c4 e6 3.b3 Be7 4.Bb2 Bf6 5.Nc3 Ne7 6.g3 c5 7.cxd5 Nxd5 8.Bg2 Nc6
9.O-O b6 10.Qc1 Ba6 11.Nxd5 exd5 12.d4 O-O 13.Re1 Nxd4 14.Nxd4 cxd4 15.Qd2 d3
16.exd3 Bxb2 17.Qxb2 Rc8 18.Re5 Bb7 19.Rae1 Qd6 20.Re7 Rc7 21.Qe5 Rxe7 22.Qxe7 Qc6
23.h4 Ba6 24.f4 Bc8 25.Qxa7 Qc3 26.Re5 Qa1+ 27.Kh2 Qd4 28.Rxd5 Qf2 29.Rd6 Be6
30.a4 Bxb3 31.a5 Bc4 32.Rxb6 Qa2  1-0

[Event "Olympiad"]
[Site "Bled SLO"]
[Date "2002.10.29"]
[Round "4"]
[White "Polgar,Ju"]
[Black "Mamedyarov,S"]
[Result "1-0"]
[WhiteElo "2685"]
[BlackElo "2580"]

1.e4 e5 2.Nf3 Nc6 3.Bb5 a6 4.Ba4 Nf6 5.O-O Nxe4 6.d4 b5 7.Bb3 d5 8.dxe5 Be6
9.Nbd2 Nc5 10.c3 d4 11.Ng5 Bd5 12.Nxf7 Kxf7 13.Qf3+ Ke6 14.Qg4+ Kf7 15.Qf5+ Ke7
16.e6 Bxe6 17.Re1 Qd6 18.Bxe6 Nxe6 19.Ne4 Qe5 20.Bg5+ Kd7 21.Nc5+ Bxc5 22.Qf7+ Kd6
23.Be7+ Kd5  1-0

[Event "Olympiad"]
[Site "Bled SLO"]
[Date "2002.11.01"]
[Round "7"]
[White "Mamedyarov,S"]
[Black "Toloza,P"]
[Result "1-0"]
[WhiteElo "2580"]
[BlackElo "2349"]

1.d4 Nf6 2.c4 e6 3.Nc3 c5 4.d5 exd5 5.cxd5 d6 6.e4 g6 7.f4 Bg7 8.Nf3 O-O
9.Be2 Bg4 10.O-O Nbd7 11.h3 Bxf3 12.Bxf3 a6 13.a4 Ne8 14.Kh1 Rb8 15.Qd3 Nc7
16.a5 b5 17.axb6 Rxb6 18.Na4 Rb5 19.Bd2 Nb6 20.Bc3 Bxc3 21.bxc3 Qh4 22.c4 Rb4
23.Nxb6 Rxb6 24.Qe3 Re8 25.e5 Qg3 26.Rab1 Rxb1 27.Rxb1 dxe5 28.Qxc5 exf4
29.Rf1 Re1 30.Kg1 Ne8 31.d6 Nf6 32.Qa7 Rxf1+ 33.Kxf1 Qg5 34.d7  1-0

[Event "Olympiad"]
[Site "Bled SLO"]
[Date "2002.11.04"]
[Round "9"]
[White "Mamedyarov,S"]
[Black "Dorfman,J"]
[Result "1/2-1/2"]
[WhiteElo "2580"]
[BlackElo "2617"]

1.d4 d6 2.Nf3 g6 3.g3 Bg7 4.Bg2 Nf6 5.O-O O-O 6.c4 c6 7.b3 Qa5 8.Bb2 Nbd7
9.Qd2 Qxd2 10.Nbxd2 c5 11.Rfe1 Rb8 12.e4 e5 13.dxe5 Ng4 14.Rad1 Re8 15.Nf1 Ndxe5
16.Nh4 Rd8 17.h3 Nh6 18.Re2 Nc6 19.e5 dxe5 20.Rxd8+ Nxd8 21.Bxe5 Bxe5 22.Rxe5 Ne6
23.f4 Kf8 24.f5 gxf5 25.Nxf5 Nxf5 26.Rxf5 b6 27.Rh5 Kg7 28.Ne3 Nd4 29.Rg5+ Kf8
30.Rh5 Kg7 31.Kf2 h6 32.g4 Be6 33.Be4 f6 34.Nf5+ Nxf5 35.gxf5 Bf7 36.Rh4 Rd8
37.Ke2 Rd4 38.Rg4+ Kf8 39.Bf3 Rxg4 40.hxg4 Ke7 41.Ke3 Kd6 42.Kf4 Kc7 43.a4 a6
44.Be2 Be8 45.Bf1 Kd6 46.Be2 Bf7 47.Ke4 Kc6 48.Kf4 Kc7 49.Ke4 Kd6 50.Kf4 Be8
51.Ke4  1/2-1/2

[Event "Olympiad"]
[Site "Bled SLO"]
[Date "2002.11.07"]
[Round "12"]
[White "Mamedyarov,S"]
[Black "Kostenko,P"]
[Result "1-0"]
[WhiteElo "2580"]
[BlackElo "2501"]

1.d4 e6 2.c4 c5 3.d5 exd5 4.cxd5 d6 5.Nc3 g6 6.Bf4 Nf6 7.e4 Bg7 8.Bb5+ Bd7
9.Be2 Qe7 10.Nf3 O-O 11.Nd2 Ne8 12.O-O b5 13.Nxb5 Bxb2 14.Rb1 Be5 15.Bxe5 Qxe5
16.f4 Qe7 17.Nc3 Bc8 18.Qa4 f5 19.Bb5 Nc7 20.Bc6 Nxc6 21.Qxc6 a5 22.e5 Ra6
23.Rb6 dxe5 24.Nc4 exf4 25.d6 Qf6 26.Ne2 Qe6 27.Qxc5 Rxb6 28.Nxf4 Rb5 29.Nxe6 Rxc5
30.Nxc5 Ne6 31.Nb3 a4 32.Nba5 Kf7 33.Re1 Kf6 34.Nb6 Rd8 35.d7 Bxd7 36.Nb7 Bb5
37.Nxd8 Nxd8 38.Rb1 Bc6 39.Rb4 Ne6 40.Nxa4 Ke5 41.Nc3 Nf4 42.Rb2 Nd3 43.Rd2 Kd4
44.Nd1 Kc4 45.Nb2+ Nxb2 46.Rxb2 g5 47.Kf2 f4 48.Rb8 g4 49.Rg8 g3+ 50.hxg3 fxg3+
51.Kxg3 Kd5  1-0

[Event "Olympiad"]
[Site "Bled SLO"]
[Date "2002.11.10"]
[Round "14"]
[White "Mamedyarov,S"]
[Black "Motwani,P"]
[Result "1-0"]
[WhiteElo "2580"]
[BlackElo "2525"]

1.d4 d5 2.c4 c6 3.Nf3 Nf6 4.Nc3 dxc4 5.a4 Bf5 6.Ne5 Nbd7 7.Nxc4 Nb6 8.Ne5 e6
9.f3 Nfd7 10.e4 Nxe5 11.dxe5 Qxd1+ 12.Kxd1 Bg6 13.Bd3 Nd7 14.Bf4 Bc5 15.Ne2 Bb6
16.a5 Bc7 17.a6 bxa6 18.Rxa6 Bxe5 19.Kc2 Bxf4 20.Nxf4 e5 21.Ne2 Ke7 22.Rha1 f6
23.Nc3 Rhc8 24.Rxa7 Rxa7 25.Rxa7 Bf7 26.Na4 Kd6 27.b4 Rc7 28.Ra6 Rb7 29.Kc3 Kc7
30.h4 Rb8 31.g3 Rb7 32.f4 Rb8 33.Be2 Be6 34.Ra5 Rb7 35.fxe5 fxe5 36.Nb2 c5
37.b5 Nf6 38.Bd3 Nd7 39.Bc4 Kd6 40.Ra6+ Rb6 41.Bxe6 Kxe6 42.Nc4  1-0

[Event "WYb18"]
[Site "Heraklio GRE"]
[Date "2002.11.15"]
[Round "1"]
[White "Bourmistrov,D"]
[Black "Mamedyarov,S"]
[Result "0-1"]
[WhiteElo "2199"]
[BlackElo "2580"]

1.d4 Nf6 2.c4 g6 3.Nc3 d5 4.cxd5 Nxd5 5.Bd2 Bg7 6.e4 Nb6 7.Be3 O-O 8.Be2 f5
9.exf5 Bxf5 10.Qb3+ Kh8 11.Nf3 Nc6 12.Rd1 a5 13.Ne5 Nb4 14.O-O N4d5 15.Rd2 Nxe3
16.fxe3 Bxe5 17.e4 Bxd4+ 18.Kh1 Bh3 19.Qd1 Bxg2+ 20.Kxg2 e5  0-1

[Event "WYb18"]
[Site "Heraklio GRE"]
[Date "2002.11.16"]
[Round "2"]
[White "Mamedyarov,S"]
[Black "Poobesh Anand,S"]
[Result "1-0"]
[WhiteElo "2580"]
[BlackElo "2351"]

1.Nf3 Nf6 2.g3 d5 3.Bg2 c6 4.c4 dxc4 5.Qc2 e6 6.Qxc4 Be7 7.d4 O-O 8.O-O b5
9.Qc2 Bb7 10.Rd1 Nbd7 11.Ne5 Rc8 12.Nc3 Qb6 13.Be3 c5 14.Nxd7 Nxd7 15.d5 exd5
16.Nxd5 Bxd5 17.Bxd5 Nf6 18.Bf3 Qe6 19.Qb3 a6 20.Qxe6 fxe6 21.a4 Rcd8 22.Rdc1 c4
23.axb5 axb5 24.Ra5 Nd5 25.Bd4 Bg5 26.Rca1 b4 27.Bc5 c3 28.Bxf8 c2 29.Bxd5 Kxf8
30.f4 Bf6 31.Bb3 Bxb2 32.Bxc2  1-0

[Event "WYb18"]
[Site "Heraklio GRE"]
[Date "2002.11.17"]
[Round "3"]
[White "Jianu,V"]
[Black "Mamedyarov,S"]
[Result "1/2-1/2"]
[WhiteElo "2401"]
[BlackElo "2580"]

1.d4 e6 2.c4 b6 3.Nc3 Bb7 4.Nf3 Nf6 5.Bg5 Bb4 6.Qb3 Bxc3+ 7.Qxc3 h6 8.Bh4 g5
9.Bg3 Ne4 10.Qc2 d6 11.e3 Nd7 12.Bd3 f5 13.d5 Ndc5 14.Nd4 Qf6 15.Nxe6 Nxe6
16.Bxe4  1/2-1/2

[Event "WYb18"]
[Site "Heraklio GRE"]
[Date "2002.11.18"]
[Round "5"]
[White "Mamedyarov,S"]
[Black "Berkes,F"]
[Result "1/2-1/2"]
[WhiteElo "2580"]
[BlackElo "2545"]

1.d4 e6 2.c4 Nf6 3.Nf3 b6 4.Nc3 Bb4 5.Bg5 Bb7 6.e3 h6 7.Bh4 g5 8.Bg3 Ne4
9.Qc2 Bxc3+ 10.bxc3 d6 11.Bd3 Nxg3 12.hxg3 Nd7 13.a4 a5 14.Rb1 Qe7 15.Be4 Bxe4
16.Qxe4 Ra7 17.Rb5 Qf6 18.Qc6 Ke7 19.Nd2 Qg6 20.Ke2 Nb8 21.Qe4 Rg8 22.c5 dxc5
23.dxc5 Nd7 24.cxb6 cxb6  1/2-1/2

[Event "WYb18"]
[Site "Heraklio GRE"]
[Date "2002.11.22"]
[Round "9"]
[White "Mamedyarov,S"]
[Black "Schneider,Dm"]
[Result "1-0"]
[WhiteElo "2580"]
[BlackElo "2401"]

1.d4 d5 2.c4 e6 3.Nc3 c6 4.e3 Bd6 5.Bd3 f5 6.Qc2 Nf6 7.f3 O-O 8.Nge2 a6 9.c5 Bc7
10.O-O Qe8 11.e4 fxe4 12.fxe4 Ng4 13.Nf4 e5 14.exd5 exf4 15.Bxh7+ Kh8 16.Bg6 Ne3
17.Qd3 Bf5 18.Bxf5 Nxf5 19.Bxf4 Bxf4 20.Rxf4 Nh6 21.Rxf8+ Qxf8 22.Rf1 Qg8
23.g4 cxd5 24.g5 Nc6 25.gxh6 gxh6+ 26.Kh1 Rf8 27.Rxf8 Qxf8 28.Nxd5 Qg7 29.Qe4 Nxd4
30.Nf4 Qf6 31.Kg2 Nc6 32.Qe8+ Kh7 33.Qd7+ Qg7+ 34.Qxg7+ Kxg7 35.Kf3 Kf6 36.Ke4 Kg5
37.a3 a5 38.Nd5 Kg4 39.b4 axb4 40.axb4 Kh3 41.b5 Na7 42.b6 Nc6 43.Nf6 Na5
44.Kd5 Kxh2 45.Ng4+ Kg3 46.Nxh6 Kf4 47.Nf7 Kf5 48.Nd6+ Kf6 49.Nxb7  1-0

[Event "WYb18"]
[Site "Heraklio GRE"]
[Date "2002.11.23"]
[Round "10"]
[White "Izoria,Z"]
[Black "Mamedyarov,S"]
[Result "0-1"]
[WhiteElo "2572"]
[BlackElo "2580"]

1.d4 Nf6 2.c4 g6 3.g3 Bg7 4.Bg2 O-O 5.e4 d6 6.Ne2 c5 7.d5 Qa5+ 8.Bd2 Qa6
9.Qb3 Nbd7 10.O-O e6 11.Bc3 exd5 12.exd5 Re8 13.Re1 Ne5 14.Na3 Bd7 15.Nb5 Bxb5
16.cxb5 Qb6 17.a4 c4 18.Qc2 Nd3 19.Rf1 Rac8 20.Nc1 Nd7 21.Nxd3 cxd3 22.Qxd3 Bxc3
23.bxc3 Qa5 24.Rfc1 Rc7 25.Bf1 Nc5 26.Qb1 Ne4 27.c4 Rce7 28.Qd3 Nc5 29.Qd1 Re5
30.h4 f5 31.Ra2 f4 32.Qg4 fxg3 33.fxg3 Rf5 34.Bg2 Nd3 35.Rf1 Qb6+ 36.Kh2 Ne5
37.Qd1 Nxc4 38.Rxf5 Ne3 39.Qd2 gxf5 40.Bh3 Qc5 41.Ra1 Re5 42.Bg2 Ng4+ 43.Kh3 Re3
44.Bf3 Rxf3 45.Qg5+  0-1

[Event "Match"]
[Site "Baku AZE"]
[Date "2003.03.29"]
[Round "1"]
[White "Mamedyarov,S"]
[Black "Ghaem Maghami,E"]
[Result "0-1"]
[WhiteElo "2596"]
[BlackElo "2500"]

1.e4 c5 2.c3 Nf6 3.e5 Nd5 4.d4 cxd4 5.Qxd4 e6 6.Nf3 d6 7.exd6 Nc6 8.Bb5 Qxd6
9.O-O a6 10.Bxc6+ Qxc6 11.c4 Nf6 12.Nc3 b6 13.Ne5 Qc7 14.Bf4 Bc5 15.Qd2 Nh5
16.Rad1 O-O 17.Ne4 Nxf4 18.Qxf4 Be7 19.Rd3 Ra7 20.Rb3 f6 21.Nd3 Rd8 22.Qe3 a5
23.Rc1 Rb7 24.Rbc3 Qc6 25.c5 b5 26.b4 a4 27.Nd6 Rb8 28.Nf5 exf5 29.Qxe7 Re8
30.Qd6 Bb7 31.Nf4 Rbd8 32.Qxc6 Bxc6 33.a3 Rd4 34.g3 g5 35.Rd3 Rc4  0-1

[Event "Match"]
[Site "Baku AZE"]
[Date "2003.03.30"]
[Round "2"]
[White "Ghaem Maghami,E"]
[Black "Mamedyarov,S"]
[Result "1/2-1/2"]
[WhiteElo "2500"]
[BlackElo "2596"]

1.c4 b6 2.Nc3 Bb7 3.e4 e6 4.Nf3 Nf6 5.e5 Ne4 6.Bd3 Ng5 7.Be2 Nxf3+ 8.Bxf3 Bxf3
9.Qxf3 Nc6 10.Qe4 Bc5 11.d3 Bd4 12.Bf4 O-O 13.O-O f5 14.exf6 Qxf6 15.Bxc7 Bxc3
16.bxc3 Qxc3 17.Bf4 Rf5 18.Be3 Re5 19.Qg4 Qxd3 20.Rad1 Qe4 21.Qxe4 Rxe4 22.Rxd7 Rxc4
23.Rfd1 Re8 24.h4 Kf8 25.h5 Re7 26.h6 gxh6 27.Bxh6+ Kf7 28.R7d3 Ne5 29.Rd8 Re8
30.R8d6 Rc6 31.R6d4 Rc4 32.Rd6 Ra4 33.R6d2 Rg8 34.Kf1 Rh4 35.Be3 Rh1+ 36.Ke2 Rxd1
37.Rxd1 Rc8 38.Rd2 Rc4 39.f4 Nc6 40.Rd7+ Kg6 41.g4 h5 42.gxh5+ Kxh5 43.Rd6 Nb4
44.Rxe6 Kg4 45.Rg6+ Kf5 46.Rg5+ Kf6 47.a4 Nc6 48.Rb5 Rxa4 49.Bxb6 axb6 50.Rxb6 Rc4
51.Kd3 Rc5 52.Ke4 Ke7 53.f5 Kf6 54.Ra6 Kg5 55.f6 Kxf6 56.Ra8 Re5+ 57.Kd3 Ke7
58.Rh8 Kd6 59.Ra8 Kd5 60.Rh8 Re4 61.Rg8 Ne5+ 62.Kd2 Rd4+ 63.Ke2 Ra4 64.Rb8 Nc6
65.Re8 Ra3 66.Kf2 Ne5 67.Rb8 Nc4 68.Re8 Nd6 69.Rd8 Ke5 70.Ke2 Rh3 71.Rd7 Nf5
72.Rd8 Nd4+ 73.Kd2 Nc6 74.Rd7 Ke4 75.Rg7  1/2-1/2

[Event "Match"]
[Site "Baku AZE"]
[Date "2003.03.31"]
[Round "3"]
[White "Mamedyarov,S"]
[Black "Ghaem Maghami,E"]
[Result "1/2-1/2"]
[WhiteElo "2596"]
[BlackElo "2500"]

1.d4 Nf6 2.Nc3 d5 3.Bg5 Nbd7 4.Nf3 g6 5.Qd3 Bg7 6.h4 c6 7.Nd2 h6 8.Bf4 e5
9.dxe5 Nh5 10.e3 Nxe5 11.Bxe5 Bxe5 12.Nf3 Bg7 13.O-O-O O-O 14.Qd2 b5 15.Nd4 Bd7
16.g4 Bxg4 17.Nxc6 Qf6 18.Bxb5 Bxd1 19.Rxd1 Rac8  1/2-1/2

[Event "Match"]
[Site "Baku AZE"]
[Date "2003.04.03"]
[Round "5"]
[White "Mamedyarov,S"]
[Black "Ghaem Maghami,E"]
[Result "1-0"]
[WhiteElo "2596"]
[BlackElo "2500"]

1.e4 c5 2.b3 Nc6 3.Bb2 d6 4.f4 Nf6 5.e5 Nd5 6.Qf3 Ndb4 7.Na3 dxe5 8.fxe5 Nd4
9.Bxd4 Qxd4 10.Bb5+ Bd7 11.Bxd7+ Qxd7 12.Ne2 Nc6 13.Nc4 e6 14.O-O Nd4 15.Nxd4 cxd4
16.a4 Bb4 17.Qg4 O-O 18.Rf3 Rac8 19.d3 Qe7 20.Kh1 Rcd8 21.Raf1 Kh8 22.Rf6 Rd5
23.R1f3 Rxe5 24.Nxe5 gxf6 25.Rg3  1-0

[Event "5th Open"]
[Site "Dubai UAE"]
[Date "2003.04.20"]
[Round "1"]
[White "Mamedyarov,S"]
[Black "Gashimov,S"]
[Result "1/2-1/2"]
[WhiteElo "2607"]
[BlackElo "2317"]

1.e4 c5 2.c3 d5 3.e5 Nc6 4.d4 cxd4 5.cxd4 Qb6 6.Ne2 Bg4 7.f3 Bf5 8.a3 e6
9.Nbc3 Rc8 10.g4 Bg6 11.Bg2 Be7 12.O-O Nxe5 13.f4 Nxg4 14.f5 Bxf5 15.Nxd5 exd5
16.Rxf5 N8h6 17.Rxd5 O-O 18.h3 Nf6  1/2-1/2

[Event "5th Open"]
[Site "Dubai UAE"]
[Date "2003.04.22"]
[Round "3"]
[White "Mamedyarov,S"]
[Black "Roghani,A"]
[Result "1-0"]
[WhiteElo "2607"]
[BlackElo "2302"]

1.d4 e6 2.c4 Nf6 3.Nc3 Bb4 4.e3 O-O 5.Ne2 d5 6.a3 Be7 7.cxd5 exd5 8.Nf4 Re8
9.Bd3 c6 10.O-O Bd6 11.f3 b6 12.Nfe2 c5 13.Bd2 Ba6 14.Bxa6 Nxa6 15.Qa4 Nc7
16.b4 Ne6 17.bxc5 bxc5 18.Rab1 Qc7 19.Nb5 Qd7 20.Qa6 Bf8 21.Be1 cxd4 22.exd4 Nc7
23.Nxc7 Qxc7 24.Bb4 Qc4 25.Qxc4 dxc4 26.Nc3 Rab8 27.Bc5 Nd7 28.Bxa7 Ra8 29.Nb5 Bxa3
30.Rb3 Bf8 31.Kf2 f5 32.Bc5 Ra2+  1-0

[Event "5th Open"]
[Site "Dubai UAE"]
[Date "2003.04.23"]
[Round "4"]
[White "El Taher,F"]
[Black "Mamedyarov,S"]
[Result "1/2-1/2"]
[WhiteElo "2493"]
[BlackElo "2607"]

1.e4 e5 2.Nf3 Nc6 3.Bb5 a6 4.Ba4 Nf6 5.O-O Nxe4 6.d4 b5 7.Bb3 d5 8.dxe5 Be6
9.Nbd2 Nc5 10.c3 d4 11.Ng5 dxc3 12.Nxe6 fxe6 13.bxc3 Qd3 14.Qf3 Qxf3 15.Nxf3 Nxb3
16.axb3 Be7 17.Rd1 Kf7 18.Kf1 a5 19.Rd7 Rhc8 20.Ke2 Ke8 21.Rd2 Rd8 22.Rda2 Ra6
23.Ne1 b4 24.Bb2 bxc3 25.Bxc3 Rd5 26.Nd3 Rb6 27.Rb1 Bb4 28.Ba1 Rdb5 29.f4 Ne7
30.g3 Nd5 31.Rc2 Be7 32.Bd4 Rb7 33.Ra1 Rb8 34.Bc5 Bd8 35.Nc1 g5 36.fxg5 Bxg5
37.Nd3 Rxb3 38.Rxa5 Rd8 39.Ra3 Rb1 40.h4 Bh6 41.Bf2 Kf7 42.Rb2 Rxb2+ 43.Nxb2 Bc1
44.Rb3 Bxb2 45.Rxb2 Nc3+ 46.Kf3 Rd3+ 47.Kg4 Nd5 48.Bc5 Rc3 49.Bf2 Ne7 50.h5 Rc4+
51.Kf3 Rc3+ 52.Kg4 Kg7 53.Rd2 Nd5 54.Rc2  1/2-1/2

[Event "5th Open"]
[Site "Dubai UAE"]
[Date "2003.04.24"]
[Round "5"]
[White "Mamedyarov,S"]
[Black "El Gindy,E"]
[Result "1/2-1/2"]
[WhiteElo "2607"]
[BlackElo "2473"]

1.e4 c5 2.c3 e6 3.d4 d5 4.e5 Qb6 5.Nf3 Nc6 6.a3 c4 7.Be2 Na5 8.Nbd2 Bd7 9.O-O O-O-O
10.Rb1 Nb3 11.Nxb3 Ba4 12.Be3 Bxb3 13.Qc1 a5 14.Nd2 a4 15.f4 Ne7 16.g4 h5
17.h3 hxg4 18.hxg4 f5 19.exf6 gxf6 20.Kg2 Ng6 21.Nxb3 axb3 22.Bf2 Qc7 23.Bg3 Bd6
24.Qe3 Kb8 25.Rbe1 Rde8 26.Bd1 Nh4+ 27.Kf2 Ng6 28.Kg2 Nh4+ 29.Kf2 Ng6 30.Kg2 Nh4+
31.Kf2  1/2-1/2

[Event "5th Open"]
[Site "Dubai UAE"]
[Date "2003.04.26"]
[Round "7"]
[White "Mamedyarov,S"]
[Black "Eid,Fa"]
[Result "1/2-1/2"]
[WhiteElo "2607"]
[BlackElo "2431"]

1.d4 d5 2.c4 Bf5 3.Nc3 e6 4.Nf3 Nc6 5.cxd5 exd5 6.Qb3 Nf6 7.Bg5 Na5 8.Qa4+ c6
9.Bxf6 gxf6 10.e3 Qb6 11.O-O-O O-O-O 12.Bd3 Be6 13.Qc2 Nc4 14.Nd2 Nxd2 15.Rxd2 h6
16.Na4 Qc7 17.a3 Kb8 18.Kb1 Bd6 19.g3 Rhe8 20.Rc1 Bh3 21.b4 Bg2 22.Qb3 Qe7
23.Ka2 Be4 24.Bxe4 Qxe4 25.b5 cxb5 26.Nc3 Qe6 27.Qxb5 Bf8 28.Rb2 Rd7 29.Qa5 Rc8
30.Nb5 a6 31.Nc3 Be7 32.Ne2 Rxc1 33.Nxc1 Rc7 34.Nd3 Qc6 35.Qd2 Bd6 36.Qd1 Ka7
37.Qb3 b5 38.h4 Qc4 39.h5 f5 40.Ne1 Kb6 41.Rc2 Qxb3+ 42.Kxb3 Rc4 43.Nf3 Rxc2
44.Kxc2 Bxa3 45.Nh4 Bf8 46.Nxf5 Kc6 47.g4 Kd7 48.f4 Ke6 49.Ng3 Be7 50.Nf5 Bf8
51.Nh4 Be7 52.Nf3 f6 53.Nh4 Kf7 54.Nf5 Bf8 55.Ng3 Bd6 56.Nf5 Bf8 57.Ng3 Bd6
58.Ne2 Ke6 59.Kd3 Be7 60.e4 dxe4+ 61.Kxe4 f5+ 62.gxf5+ Kd6 63.Kd3 b4 64.Kc4 b3
65.Nc3 b2 66.Kb3 Bf6 67.Ne4+ Ke7 68.Kxb2 Bxd4+ 69.Kc2 Be3 70.Nc3  1/2-1/2

[Event "4th IECC"]
[Site "Istanbul TUR"]
[Date "2003.05.30"]
[Round "1"]
[White "Mamedyarov,S"]
[Black "Marcelin,C"]
[Result "1-0"]
[WhiteElo "2607"]
[BlackElo "2503"]

1.d4 Nf6 2.c4 e6 3.Nc3 d5 4.Nf3 c5 5.cxd5 Nxd5 6.e4 Nxc3 7.bxc3 cxd4 8.cxd4 Bb4+
9.Bd2 Bxd2+ 10.Qxd2 O-O 11.Bc4 Nd7 12.O-O b6 13.Rad1 Bb7 14.Rfe1 Rc8 15.Bd3 Re8
16.h4 h6 17.Bb5 Re7 18.Bxd7 Rxd7 19.Ne5 Rdc7 20.Qf4 Qd6 21.Qg4 Rc2 22.Qh5 R8c7
23.Ng4 Rxa2 24.d5 exd5 25.exd5 Re7 26.Rxe7 Qxe7 27.d6 Qe4 28.Ne3 Rxf2 29.Kxf2 Qf4+
30.Ke1 Qxe3+ 31.Qe2 Qg1+ 32.Kd2 Qd4+ 33.Qd3 Qf2+ 34.Kc3 Bc6 35.d7 Bxd7 36.Qxd7 Qg3+
37.Rd3 Qe1+ 38.Kb3 Qb1+ 39.Kc4 Qc2+ 40.Kb5 Qb2+ 41.Ka6 Qa2+ 42.Kb7 Qxg2+
43.Kxa7 Qa2+ 44.Kb7 h5 45.Qc8+ Kh7 46.Qf5+ g6 47.Qf6 Qc4 48.Rd8 Qe4+ 49.Ka7 Qa4+
50.Kb8  1-0

[Event "4th IECC"]
[Site "Istanbul TUR"]
[Date "2003.05.31"]
[Round "2"]
[White "Goloshchapov,A"]
[Black "Mamedyarov,S"]
[Result "1/2-1/2"]
[WhiteElo "2558"]
[BlackElo "2607"]

1.e4 c5 2.Nf3 Nc6 3.d4 cxd4 4.Nxd4 Nf6 5.Nc3 e5 6.Ndb5 d6 7.Bg5 a6 8.Na3 b5
9.Bxf6 gxf6 10.Nd5 f5 11.Bd3 Be6 12.O-O Bg7 13.Qh5 f4 14.c4 bxc4 15.Bxc4 O-O
16.Rac1 Rb8 17.b3 Qd7 18.Bd3 Kh8 19.Nc4 Nd4 20.Na5 Bg4 21.Qh4 Rg8 22.Rfe1 Bf3
23.Bf1 Bxg2 24.Bxg2 Nf3+ 25.Bxf3 Bf6+ 26.Qg3 fxg3 27.hxg3 Bd8 28.Nc4 Bg5
29.Rcd1 Rg6 30.Nde3 Bxe3 31.Rxe3 Qe7 32.Red3 Rd8 33.Kg2 Rf6 34.Rd5 Kg8  1/2-1/2

[Event "4th IECC"]
[Site "Istanbul TUR"]
[Date "2003.06.02"]
[Round "4"]
[White "Kurajica,B"]
[Black "Mamedyarov,S"]
[Result "1/2-1/2"]
[WhiteElo "2551"]
[BlackElo "2607"]

1.d4 e6 2.Nf3 d5 3.g3 c5 4.Bg2 Nc6 5.O-O Nf6 6.e3 Be7 7.b3 O-O 8.Bb2 b6 9.Nbd2 Ba6
10.Re1 Rc8 11.a3 Qc7 12.Rc1 cxd4 13.exd4 Rfd8 14.c4 Qb8 15.Ne5 Bb7 16.Nxc6  1/2-1/2

[Event "4th IECC"]
[Site "Istanbul TUR"]
[Date "2003.06.05"]
[Round "6"]
[White "Glek,I"]
[Black "Mamedyarov,S"]
[Result "1-0"]
[WhiteElo "2551"]
[BlackElo "2607"]

1.e4 c5 2.Nf3 Nc6 3.Bb5 d6 4.O-O Bd7 5.Re1 Nf6 6.c3 a6 7.Bf1 Bg4 8.d3 g6
9.Nbd2 Bg7 10.h3 Bxf3 11.Nxf3 O-O 12.Bg5 Nd7 13.Qd2 Nde5 14.Nh2 b5 15.Rad1 Qb6
16.Kh1 Nd7 17.Bh6 Bxh6 18.Qxh6 b4 19.Nf3 Rfc8 20.d4 bxc3 21.bxc3 cxd4 22.cxd4 Nf8
23.e5 d5 24.e6 f6 25.Nh4 Nd8 26.f4 Qd6 27.f5 g5 28.Nf3 Qf4 29.h4 Qxf5 30.Bd3 Qf4
31.Rf1 Ndxe6 32.Nxg5 fxg5 33.Rxf4 gxf4 34.Bxh7+ Nxh7 35.Qxe6+ Kh8 36.Qe5+ Nf6
37.Qxe7 Rf8 38.Rf1 Rae8 39.Qd6 Ne4 40.Qh6+ Kg8 41.Qg6+ Kh8 42.Rxf4  1-0